| 000 | 00644nam a22001811i 4500 | ||
|---|---|---|---|
| 001 | 578 | ||
| 090 | _a578 | ||
| 100 | _a20170304u u u0frey50 ba | ||
| 101 | 0 | _apor | |
| 200 | 1 |
_fM. L. Orlic _aA linguagem do corpo _eum método para a educação gestual e a reabilitação psicomotora |
|
| 215 |
_a122, [6] p. _cil. _d21 cm |
||
| 702 | 1 |
_aMalheiro _bJoão Francisco Torres _4730 |
|
| 700 | 1 |
_aOrlic _bM. L. _4070 |
|
| 210 |
_cSocicultura _aLisboa _dimp. 1977 |
||
| 225 | 2 | _aEducação e reabilitação | |
| 410 | 0 | _tEducação e reabilitação | |
| 996 |
_f0000631 _kORL _m00000000 _n00000000 _aBMVA _b1 _vViana do Alentejo _xMedicina _y29 _eLivro _10 _31 |
||
| 990 | _cLIVROS | ||